000 00525nam a2200181Ia 4500
008 151202s9999||||xx |||||||||||||| ||und||
082 _bPNVM-63809
100 _aअवचट अनिल.
245 _aदिसले ते.
260 _b"मौज प्रकाशन गृह,पुणे."
260 _c63809
300 _a175
600 _aअवचट अनिल.
630 _aदिसले ते.
700 _aअवचट अनिल.
730 _aदिसले ते.
942 _cBOOK
999 _c1330343
_d1330340